Guess the flag of the unrecognized territories - Statistics

General Stats
  • This quiz has been taken 41 times
  • The average score is 11 of 16
Answer Stats
Picture Answer % Correct
Puerto Rico
94%
Isle of Man
90%
Palestine
90%
Greenland
84%
Guam
81%
Cookislands
77%
Northern Cyprus
74%
Somaliland
74%
Transnistria
71%
Hawaii
65%
Niue
65%
Anguilla
61%
Guadeloupe
61%
Reunion
61%
Christmas islands
58%
Ascension
39%
No matching quizzes found
Score Distribution
Percent of People with Each Score
Percentile by Number Answered
Your Score History
You have not taken this quiz